Préfectures des départements d'Outre-Mer et de la Corse - Statistiques

Statistiques générales
  • Ce quiz a été pris 40 fois
    39 depuis la dernière actualisation
  • Le résultat moyen est 6 sur 7
Statistiques - réponses
Département Préfecture % Correct
Corse-du-Sud Ajaccio
96%
Haute-Corse Bastia
92%
La Réunion Saint-Denis
92%
Guyane Cayenne
80%
Martinique Fort-de-France
80%
Guadeloupe Basse-Terre
72%
Mayotte Mamoudzou
68%
Aucun quiz correspondant
Distribution des résultats
% des personnes avec chaque résultat
Percentile par nombre de réponses
Votre historique - résultats
Vous n’avez pas pris ce quiz depuis la dernière actualisation